| 000 | 00770cam a2200229 4500 | ||
|---|---|---|---|
| 008 | 000000n2000 000 0 eng u | ||
| 020 | _a0105567701 | ||
| 035 | _a(Sirsi) u106035 | ||
| 050 | _a350.713 | ||
| 110 |
_aUnited Kingdom _bNational Audit Office _91350 |
||
| 245 | _aReport by the Comptroller and Auditor General : Ministry of Defence : the risk of fraud in property management. | ||
| 260 |
_aLondon _bStationery Office _c2000 |
||
| 300 | _a82p. ; 30cm. | ||
| 350 | _a12.10 | ||
| 490 |
_aHCP _v469 |
||
| 650 | _aDEFENCE ESTATE | ||
| 650 | _aRISK ASSESSMENT | ||
| 650 | _aEXPENDITURE | ||
| 690 |
_aPROPERTY MANAGEMENT _96262 |
||
| 856 |
_uhttps://www.nao.org.uk/wp-content/uploads/2000/05/9900469.pdf _zAvailable online from the NAO |
||
| 942 |
_n0 _2ddc |
||
| 999 |
_c100514 _d100514 |
||